000 00720nam a2200217 i 4500
001 67074
003 ES-MaACL
005 20230906165941.0
007 t|
008 040504s1989 sp ||||1| spa d
080 _a75 Muñoz, Lucio (064.3)
100 1 _aMuñoz, Lucio.
_984325
245 1 0 _aLucio Muñoz
_b: [pinturas en colecciones de la provincia de Alicante y grabados].
260 _aAlicante :
_bCaja de Ahorros Provincial, Obra Social y Cultural,
_c[1989]
300 _a35 p. :
_bil. ;
_c26 cm.
600 1 4 _aMuñoz, Lucio-
_xExposiciones.
_984326
655 7 _2tgfbne
_9193628
_aCatálogos de exposiciones
852 _aES-MaACL
_j2166-F-18
_bR.116656
942 _2udc
999 _c67074
_d67074